000 01190nab a2200217 i 4500
001 768714001
003 CO-MdFUSB
005 20240510072302.0
008 240510t1970 sp ||||| |||| 00| 0 spa d
040 _bspa
_cCO-MdFUSB
_dCO-MdFUSB
041 _aspa
100 1 _aKüng, Hans,
_d1928-
_eautor
245 _a¿Vivimos en una era posecumenica?
_c/ Hans Küng
520 _aEl hecho de que la teología, al igual que toda la vida moderna, se halle inundada por una catarata de fórmulas hechas, de sentido ambiguo, no constituye un progreso necesariamente digno de alabanza. Estas fórmulas pueden servir de revulsivo, pero también pueden dispensar al hombre de pensar y apartarle de la acción. La expresión «era posecuménica» constituye una de estas fórmulas hechas que, en este número, habrá de ser considerada como una exigencia positiva.
650 0 _a Ecumenismo
_xHistoria
_91146
650 7 _aIglesia
_9655
653 _aEra posecumenica
773 0 _049450
_982617
_oR2544
_tRevista internacional de teología Concilium
_w(CO-MdFUSB)8
_x0210-1041
_gNúmero 54, (abril, 1970), páginas: 5
_qpágina: 5
942 _cANA
945 _aCatherine Arias Alvarez - Practicante SENA
999 _c69669
_d69669